000 nam a22 a 4500
999 _c57549
_d57549
003 BLK
005 20221005132432.0
008 180408b bul|||||r ||||||| ||bul||
010 _aKNG00061554000
040 _aBLK
041 _aBUL
_cBUL
080 _aЛекарствени средства от растителен произход. Подразделя се със знак за отношение :582; :633/635; :665.3
_b615.322
_x(035)
_z615.322(035)
080 _aЛекарствени растения
_b633.88
_x(035)
_z633.88(035)
100 1 _aСкляревски, Леонид Яковлевич
_eпърви автор
_9287690
139 _aСкляревски, Леонид Яковлевич
_bС 39
245 1 0 _aЛечебните свойства на хранителните растения
_bРъководство
_cЛеонид Яковлевич Скляревски; прев. от рус. А. Ангелов.
257 _aUSA
260 _aПловдив
_bХристо Г. Данов
_c1975
300 _a307 с.
_c21 см
380 _a61
500 _aОриг. загл. Целебные свойства пищевых растений. - Азб. указател на бълг. названия на растенията ; Указател на лат. названия на растенията.
650 4 _aРастения, лечебни
_9287041
653 _aлечебни растения
700 1 _aАнгелов, А.
_eпрев. от рус.
_9287691
852 _aЦб 77894
856 4 _qpdf
856 4 _qpdf
942 _cKNG
_n0
_01
_s1
944 _aCR
_c13.06.2004
_kНаталия_Медовщикова
944 _aED
_c2022-10-05
_kир
999 _d57549